[Event "Ruhrgebiet Verbandsklasse Gruppe 1 1819"]
[Site "Nordrheinwestfalen"]
[Date "2019.01.20"]
[Round "5.2"]
[White "Karmainski, Andreas"]
[Black "Ophoven, Hermann"]
[Result "1-0"]
[WhiteElo "2116"]
[BlackElo "1718"]
[PlyCount "65"]
[EventDate "2018.09.23"]
[EventType "team-tourn"]
[EventRounds "9"]
[EventCountry "GER"]
[SourceTitle "EXT 2022"]
[Source "ChessBase"]
[SourceDate "2021.10.06"]
[SourceVersion "1"]
[SourceVersionDate "2021.10.06"]
[SourceQuality "1"]
[WhiteTeam "Werl SC 1981"]
[BlackTeam "Steele/Kray Rochade II"]
[WhiteTeamCountry "GER"]
[BlackTeamCountry "GER"]

1. e4 g6 2. d4 Bg7 3. Nc3 c6 4. Bc4 d6 5. Nf3 e6 6. 0-0 Nf6 7. Bf4 d5 8. Bd3 dxe4 9. Nxe4 Nbd7 10. Nd6+ Kf8 11. Ng5 Nd5 12. Qf3 Qf6 13. Be3 Qxf3 14. Nxf3 Ke7 15. Nxc8+ Rhxc8 16. Bd2 Kf8 17. c4 N5f6 18. Rac1 Kg8 19. h3 c5 20. Be3 cxd4 21. Nxd4 Ne8 22. Rfd1 Nc5 23. Be2 Rab8 24. b3 b6 25. Bf3 Rc7 26. Nb5 Re7 27. Rd2 a6 28. Nd4 Rc7 29. Rcd1 Bf6 30. g4 Kg7 31. g5 Be7 32. Bf4 Bd6 33. Bxd6 1-0

[Event "Ruhrgebiet Verbandsklasse Gruppe 1 1819"]
[Site "Nordrheinwestfalen"]
[Date "2018.10.07"]
[Round "2.1"]
[White "Landscheidt, Heinz"]
[Black "Ophoven, Hermann"]
[Result "1/2-1/2"]
[WhiteElo "1848"]
[BlackElo "1718"]
[PlyCount "38"]
[EventDate "2018.09.23"]
[EventType "team-tourn"]
[EventRounds "9"]
[EventCountry "GER"]
[SourceTitle "EXT 2022"]
[Source "ChessBase"]
[SourceDate "2021.10.06"]
[SourceVersion "1"]
[SourceVersionDate "2021.10.06"]
[SourceQuality "1"]
[WhiteTeam "Bergeborbeck Wacker"]
[BlackTeam "Steele/Kray Rochade II"]
[WhiteTeamCountry "GER"]
[BlackTeamCountry "GER"]

1. d4 g6 2. e4 Bg7 3. Nc3 d6 4. Be3 a6 5. Qd2 b5 6. a4 b4 7. Nd5 a5 8. c3 c6 9. Nf4 bxc3 10. bxc3 Nf6 11. f3 Nbd7 12. Bd3 Qc7 13. Ngh3 e5 14. Ne2 h6 15. 0-0 Kf8 16. Nf2 Kg8 17. f4 Kh7 18. fxe5 dxe5 19. Rab1 Ba6 1/2-1/2

[Event "Ruhrgebiet Verbandsklasse Gruppe 2 1718"]
[Site "Germany"]
[Date "2017.12.03"]
[Round "4.5"]
[White "Ophoven, Hermann"]
[Black "Kowalczyk, Frank"]
[Result "1/2-1/2"]
[WhiteElo "1734"]
[BlackElo "1741"]
[PlyCount "97"]
[EventDate "2017.09.17"]
[EventType "team-tourn"]
[EventRounds "9"]
[EventCountry "GER"]
[SourceTitle "EXT 2022"]
[Source "ChessBase"]
[SourceDate "2021.10.06"]
[SourceVersion "1"]
[SourceVersionDate "2021.10.06"]
[SourceQuality "1"]
[WhiteTeam "Steele/Kray Rochade"]
[BlackTeam "Sodingen/Castrop SK III"]
[WhiteTeamCountry "GER"]
[BlackTeamCountry "GER"]

1. c4 c5 2. Nc3 Nc6 3. Nf3 Nf6 4. d4 cxd4 5. Nxd4 d6 6. g3 g6 7. Bg2 Bd7 8. 0-0 Bg7 9. Bg5 a6 10. Rc1 h6 11. Nxc6 bxc6 12. Bd2 Rb8 13. b3 0-0 14. Ne4 Nxe4 15. Bxe4 Bh3 16. Bg2 Bxg2 17. Kxg2 c5 18. Bc3 Qc7 19. Qd2 Qc6+ 20. Kg1 Bxc3 21. Qxc3 Qb6 22. Rfd1 a5 23. Rc2 Rfe8 24. Rdd2 Qb4 25. Qe3 Kg7 26. h4 a4 27. Rd3 axb3 28. axb3 Qe1+ 29. Kg2 Ra8 30. Rc1 Qb4 31. Qd2 Qxd2 32. Rxd2 Reb8 33. Rb2 Ra3 34. Rc3 Kf6 35. Kf3 Rb4 36. Ke4 e6 37. Kd3 e5 38. e4 Ke6 39. Kd2 f5 40. f3 Ra1 41. Rc1 Ra3 42. Rc3 Ra7 43. Rd3 Rb6 44. Rc3 g5 45. hxg5 hxg5 46. exf5+ Kxf5 47. Ke3 g4 48. fxg4+ Kxg4 49. Ke4 1/2-1/2

[Event "Ruhrgebiet Verbandsklasse Gruppe 2 1718"]
[Site "Germany"]
[Date "2017.09.17"]
[Round "1.4"]
[White "Ophoven, Hermann"]
[Black "Wuthcke, Dieter"]
[Result "0-1"]
[WhiteElo "1734"]
[BlackElo "1831"]
[PlyCount "52"]
[EventDate "2017.09.17"]
[EventType "team-tourn"]
[EventRounds "9"]
[EventCountry "GER"]
[SourceTitle "EXT 2022"]
[Source "ChessBase"]
[SourceDate "2021.10.06"]
[SourceVersion "1"]
[SourceVersionDate "2021.10.06"]
[SourceQuality "1"]
[WhiteTeam "Steele/Kray Rochade"]
[BlackTeam "Essen SK Germania Kupferdreh"]
[WhiteTeamCountry "GER"]
[BlackTeamCountry "GER"]

1. c4 c5 2. Nf3 g6 3. g3 Bg7 4. Bg2 Nc6 5. Nc3 d6 6. 0-0 Nf6 7. Rb1 0-0 8. h3 Bd7 9. a3 a6 10. e3 Rb8 11. b3 b5 12. cxb5 axb5 13. Ne2 Qc8 14. Kh2 Bf5 15. d3 Rd8 16. e4 Bd7 17. Bb2 Qc7 18. Qc2 e5 19. Bc1 h6 20. Bd2 Qa7 21. Ra1 Rbc8 22. Qb2 Be6 23. Rfc1 d5 24. Ne1 c4 25. Be3 d4 26. Bd2 c3 0-1

[Event "Ruhrgebiet Verbandsliga Gruppe 1 1617"]
[Site "Germany"]
[Date "2017.01.29"]
[Round "6.6"]
[White "Bals, Jochen"]
[Black "Ophoven, Hermann"]
[Result "1/2-1/2"]
[WhiteElo "1842"]
[BlackElo "1752"]
[PlyCount "49"]
[EventDate "2016.09.04"]
[EventType "team-tourn"]
[EventRounds "9"]
[EventCountry "GER"]
[SourceTitle "EXT 2022"]
[Source "ChessBase"]
[SourceDate "2021.10.06"]
[SourceVersion "1"]
[SourceVersionDate "2021.10.06"]
[SourceQuality "1"]
[WhiteTeam "Kamen SV II"]
[BlackTeam "Steele/Kray Rochade"]
[WhiteTeamCountry "GER"]
[BlackTeamCountry "GER"]

1. e4 g6 2. d4 Bg7 3. Nc3 d6 4. Be2 Nf6 5. Be3 0-0 6. g4 e5 7. g5 Ng4 8. Bxg4 Bxg4 9. Qxg4 exd4 10. Bxd4 Bxd4 11. Nge2 Bg7 12. 0-0-0 Nc6 13. f4 f5 14. exf5 Rxf5 15. Rd5 Ne7 16. Rd3 Qc8 17. Nd4 Bxd4 18. Rxd4 Rf7 19. Qe2 Nf5 20. Re4 c6 21. Re1 d5 22. Re5 Qd7 23. Rd1 Qc7 24. Qd2 Raf8 25. Ne2 1/2-1/2

[Event "Ruhrgebiet VK1 0910"]
[Site "Ruhrgebiet"]
[Date "2009.10.04"]
[Round "2.8"]
[White "Ophoven, Hermann"]
[Black "Zobiegala, Christoph"]
[Result "1/2-1/2"]
[WhiteElo "1710"]
[BlackElo "1721"]
[PlyCount "44"]
[EventDate "2009.09.06"]
[EventType "team"]
[EventRounds "9"]
[EventCountry "GER"]
[SourceTitle "EXT 2011"]
[Source "ChessBase"]
[SourceDate "2010.11.26"]
[SourceVersion "1"]
[SourceVersionDate "2010.11.26"]
[SourceQuality "1"]
[WhiteTeam "Rochade Steele/Kray"]
[BlackTeam "Castrop Rauxel II"]
[WhiteTeamCountry "GER"]
[BlackTeamCountry "GER"]

1. c4 e5 2. Nc3 Nf6 3. g3 c6 4. Bg2 Bb4 5. Qc2 Qa5 6. Nf3 0-0 7. 0-0 Re8 8. d3 h6 9. Bd2 d5 10. a3 Bd6 11. Nxd5 Qd8 12. Nxf6+ Qxf6 13. Bc3 Bf5 14. Rae1 Na6 15. b4 Rad8 16. Qb2 Qe7 17. Nd2 h5 18. c5 Bb8 19. Nc4 h4 20. e4 Bc8 21. Re3 g5 22. h3 f6 1/2-1/2